| 000 | 00451 a2200145 4500 | ||
|---|---|---|---|
| 999 |
_c330612 _d330612 |
||
| 001 | 64563 | ||
| 003 | NUST | ||
| 005 | 20170726102127.0 | ||
| 008 | 170726b xxu||||| |||| 00| 0 eng d | ||
| 020 | _a9693507827 | ||
| 040 | _cNUST | ||
| 082 |
_a891.4393 _bASM |
||
| 100 |
_aAsmat,Chughtai _93574 |
||
| 245 |
_aZiddi/ _cby Asmat Chughtai |
||
| 260 |
_aLahore _bSang-e-Meel Publications _c2000 |
||
| 300 | _a96p. | ||
| 546 | _aIn Urdu | ||
| 650 |
_aUrdu Literature _9347 |
||
| 880 |
_6100-01\(3\r _aعصمت چغتائی |
||
| 880 |
_6245-02\(3\r _aضدی _cعصمت چغتائی |
||
| 880 |
_6260-03\(3\r _aلاہور: _bسنگ میل پبلی کیشنز، _c2000 |
||
| 942 |
_2ddc _cBK |
||